Normal view
MARC view
- Engineering Mechanics Volume II
Entry Topical Term
001 - CONTROL NUMBER
- control field: 125715
003 - CONTROL NUMBER IDENTIFIER
- control field: NUST
005 - DATE AND TIME OF LATEST TRANSACTION
- control field: 20240909132638.0
008 - FIXED-LENGTH DATA ELEMENTS
- fixed length control field: 240909|| aca||aabn | a|a d
040 ## - CATALOGING SOURCE
- Original cataloging agency: NUST
- Transcribing agency: NUST
150 ## - HEADING--TOPICAL TERM
- Topical term or geographic name entry element: Engineering Mechanics Volume II
670 ## - SOURCE DATA FOUND
- Source citation: Work cat.: (NUST): J.L Meriam 13429, Engineering Mechanics Volume II, 1986.
